Américains célèbres par images - Statistiques

Statistiques générales
  • Ce quiz a été pris 518 fois
  • Le résultat moyen est 13 sur 16
Statistiques - réponses
Par images Réponse % Correct
Donald Trump
98%
Michael Jackson
98%
Léonardo DiCaprio
97%
Will Smith
94%
Mohamed Ali
93%
Elvis Presley
92%
Marilyn Monroe
92%
Martin Luther King
91%
Abraham Lincoln
90%
John Fitzgerald Kennedy
90%
Neil Armstrong
86%
Michael Jordan
81%
Georges Washington
74%
Oprah Winfrey
59%
Ronald Reagan
56%
Walt Disney
43%
Aucun quiz correspondant
Distribution des résultats
% des personnes avec chaque résultat
Percentile par nombre de réponses
Votre historique - résultats
Vous n’avez pas pris ce quiz